[Event "Pyramiden Franken Cup 4th"]
[Site "Fuerth"]
[Date "2001.08.24"]
[Round "7"]
[White "Gronbach, Werner"]
[Black "Shlosberg, Elizaveta"]
[Result "0-1"]
[WhiteElo "1678"]
[BlackElo "2047"]
[PlyCount "56"]
[EventDate "2001.08.18"]
[EventType "swiss"]
[EventRounds "9"]
[EventCountry "GER"]
[SourceTitle "EXT 2010"]
[Source "ChessBase"]
[SourceDate "2010.11.25"]
[SourceVersion "1"]
[SourceVersionDate "2010.11.25"]
[SourceQuality "1"]

1. d3 d5 2. g3 e5 3. Bg2 c6 4. Nd2 Bd6 5. b3 Ne7 6. Bb2 0-0 7. Ngf3 Nd7 8. c4 d4 9. e3 dxe3 10. fxe3 Nc5 11. Qc2 Nf5 12. Ke2 Re8 13. b4 Ne6 14. Ne4 Bxb4 15. Nxe5 f6 16. Nf3 Nc5 17. Rad1 Qe7 18. g4 Nh6 19. g5 fxg5 20. Nfxg5 Bg4+ 21. Bf3 Nxe4 22. Nxe4 Qh4 23. h3 Bxf3+ 24. Kxf3 Rad8 25. Kg2 Nf5 26. Qf2 Qh6 27. Kh2 Nxe3 28. Rdg1 Rf8 0-1